| 000 | 00470nam a2200181Ia 4500 | ||
|---|---|---|---|
| 003 | OSt | ||
| 005 | 20220115093154.0 | ||
| 008 | 211109s9999||||xx |||||||||||||| ||und|| | ||
| 040 | _cSBCL | ||
| 082 |
_a894.8121 _bULL-H |
||
| 100 | _aUllor, S Parameshwariyer | ||
| 245 | 0 | _aHarichandra Puranam | |
| 260 |
_bNATIONAL BOOKSTALL _aKottayam _c1900 |
||
| 300 | _a25p. | ||
| 630 | _xGeneral Stack | ||
| 650 |
_aMalayalam Literature _vMalayalam Poetry _xMalayalam |
||
| 942 | _cBOOK | ||
| 999 |
_c1175 _d1175 |
||